Montreal Canadiens roster - Statistics

General Stats
  • This quiz has been taken 474 times
    304 since last reset
  • The average score is 12 of 26
Answer Stats
Number Player % Correct
31 Price
92%
6 Weber
90%
11 Gallagher
86%
67 Pacioretty
77%
92 Drouin
76%
41 Byron
66%
27 Galchenyuk
65%
24 Danault
60%
26 Petry
60%
62 Lehkonen
54%
65 Shaw
47%
49 Shaw
47%
8 Benn
44%
53 Mete
42%
25 De La Rose
41%
54 Hudon
40%
37 Niemi
35%
22 Alzner
30%
43 Carr
24%
58 Juulsen
22%
83 Hemsky
21%
20 Deslauriers
19%
28 Reilly
19%
21 Schlemko
18%
40 Froese
11%
28 Scherback
5%
No matching quizzes found
Score Distribution
Percent of People with Each Score
Percentile by Number Answered
Your Score History
You have not taken this quiz since the last reset